[Event "42nd Olympiad 2016"]
[Site "Baku AZE"]
[Date "2016.09.09"]
[Round "7.19"]
[Board "4"]
[White "Pulvett Marin, Daniel"]
[Black "Guliyev, Namig"]
[Result "1/2-1/2"]
[WhiteTitle "IM"]
[BlackTitle "GM"]
[WhiteElo "2434"]
[BlackElo "2577"]
[WhiteTeam "Venezuela"]
[BlackTeam "Azerbaijan 2"]
[WhiteFideId "3900410"]
[BlackFideId "13400363"]
[EventDate "2016.09.02"]

1. d4 d5 2. Nf3 Nf6 3. c4 dxc4 4. e3 a6 5. Bxc4 b5 6. Bd3 Bb7 7. O-O e6 8. a4 b4
9. Qe2 Nbd7 10. e4 Be7 11. Nbd2 c5 12. e5 Nd5 13. Nb3 cxd4 14. Nfxd4 O-O 15. Re1
Re8 16. Bd2 Nc5 17. Nxc5 Bxc5 18. Nf3 Be7 19. h4 Qd7 20. Ng5 Bxg5 21. Bxg5 h6
22. Bd2 a5 23. Rad1 Red8 24. Qh5 f5 25. exf6 Nxf6 26. Qb5 Bc6 27. Qe5 Qxd3 28.
Qxe6+ Kh7 29. Qxc6 Ra6 30. Qc7 Rd7 31. Qc8 Rad6 32. Bf4 Qxd1 33. Rxd1 Rxd1+ 34.
Kh2 b3 35. f3 R7d5 36. Qc3 R1d3 37. Qc7 Nd7 38. Qc6 R3d4 39. Bg3 Rd2 40. Qc4 Nf6
41. Be1 R5d4 42. Qxb3 R2d3 43. Qe6 Kh8 44. Bc3 Rxh4+ 45. Kg3 Rg4+ 46. Kf2 Rxc3
47. bxc3 Rxa4 48. c4 Ra2+ 49. Kg1 a4 50. Qc8+ Ng8 51. Qa6 a3 52. Qa4 Ra1+ 53.
Kf2 Rc1 54. Ke3 Ra1 55. Kd4 Ne7 56. Kc5 Kh7 57. Qc2+ Kg8 58. Qc3 Ra2 59. g4 Kf7
60. Kb4 g5 61. Kb3 Re2 62. Kxa3 Re6 63. Ka4 Nc6 64. c5 Rf6 65. Qd3 Ne7 66. Kb5
Kg7 67. Qd4 Kf7 68. Qe4 Rg6 69. Qc2 Rf6 70. Qh7+ Kf8 71. Qh8+ Kf7 72. Qa8 Rg6
73. Kc4 Rf6 74. Kd4 Rg6 75. Qe4 Re6 76. Qh7+ Kf8 77. Kd3 Rf6 78. Ke3 Re6+ 79.
Kd4 Ke8 80. Qg7 Rg6 81. Qh7 Kf8 82. Ke5 Ke8 83. Kd4 Rf6 84. Kc4 Rf4+ 85. Kb5 Rf6
86. Qg7 Rg6 87. Qh8+ Kf7 88. Qe5 Re6 89. Qh2 Rf6 90. Qh5+ Kf8 91. Qh1 Kf7 92.
Qd1 Kf8 93. Qb3 Rg6 94. Qc3 Kf7 95. Qc4+ Kf8 1/2-1/2

[Event "42nd Olympiad 2016"]
[Site "Baku AZE"]
[Date "2016.09.09"]
[Round "7.20"]
[Board "1"]
[White "Zhang, Zhong"]
[Black "Jumabayev, Rinat"]
[Result "1-0"]
[WhiteTitle "GM"]
[BlackTitle "GM"]
[WhiteElo "2637"]
[BlackElo "2604"]
[WhiteTeam "Singapore"]
[BlackTeam "Kazakhstan"]
[WhiteFideId "8600694"]
[BlackFideId "13702661"]
[EventDate "2016.09.02"]

1. e4 e5 2. Nf3 Nc6 3. Bb5 a6 4. Ba4 Nf6 5. O-O Be7 6. Bxc6 dxc6 7. Nc3 Nd7 8.
d4 exd4 9. Qxd4 O-O 10. Bf4 Nc5 11. Qe3 Ne6 12. Rad1 Qe8 13. Bg3 Bc5 14. Qe2 Bb4
15. Nb1 f6 16. Bxc7 Nxc7 17. Qc4+ Qf7 18. Qxb4 a5 19. Qb6 Ra6 20. Qb3 Qxb3 21.
axb3 Bg4 22. Rd6 Re8 23. Nc3 Nb5 24. Nxb5 cxb5 25. Rd5 Rxe4 26. Nd4 Re7 27. Nxb5
Rd7 28. Rxd7 Bxd7 29. Nd4 Kf7 30. c3 Ra8 31. Ra1 b6 32. f3 Rc8 33. Kf2 Rc5 34.
Rd1 Ke7 35. Rd2 Rh5 36. h3 Rc5 37. Nc2 Be6 38. b4 Rc7 39. bxa5 bxa5 40. Ke3 Rc5
41. Nd4 Bd7 42. Kd3 Kd6 43. c4 Kc7 44. Re2 Kd6 45. Nb3 Rg5 46. Kd4 a4 47. Nd2
Bc6 48. Kc3 Ra5 49. Kb4 Ra8 50. c5+ Kd7 51. Nc4 Ra7 52. Nb6+ Kd8 53. Re6 Be8 54.
Rd6+ Kc7 55. Nd5+ Kb7 56. Re6 Ra8 57. Re7+ 1-0

[Event "42nd Olympiad 2016"]
[Site "Baku AZE"]
[Date "2016.09.09"]
[Round "7.20"]
[Board "2"]
[White "Utegaliyev, Azamat"]
[Black "Goh, Wei Ming Kevin"]
[Result "1/2-1/2"]
[BlackTitle "IM"]
[WhiteElo "2513"]
[BlackElo "2444"]
[WhiteTeam "Kazakhstan"]
[BlackTeam "Singapore"]
[WhiteFideId "13702467"]
[BlackFideId "5800706"]
[EventDate "2016.09.02"]

1. e4 e6 2. d4 d5 3. Nd2 Be7 4. Bd3 c5 5. dxc5 Nf6 6. Qe2 O-O 7. Ngf3 a5 8. O-O
Na6 9. exd5 exd5 10. Nb3 a4 11. Nbd4 Nxc5 12. h3 Nfe4 13. Be3 Bf6 14. a3 Re8 15.
Bb5 Bd7 16. Rad1 Nd6 17. c3 Bxb5 18. Nxb5 Nf5 19. Nfd4 Nxe3 20. fxe3 Bg5 21. Nf5
Re5 22. Qg4 Ne4 23. Nbd4 g6 24. h4 gxf5 25. Rxf5 h5 26. Qf3 Rxf5 27. Nxf5 Bxh4
28. Rf1 Bg5 29. Qxh5 Qb6 30. Ne7+ Bxe7 31. Qxf7+ Kh8 32. Qh5+ Kg8 33. Qxd5+ Kh8
34. Qxe4 Bf6 35. Rf3 Kg7 36. Qg4+ Kf7 37. Qd7+ Kg6 38. Rg3+ Bg5 39. Qd3+ Kf6 40.
Rf3+ Kg7 41. Qd7+ Kh8 42. Kh1 Bxe3 43. Qd5 Re8 44. Qd7 Ra8 45. Qd5 Re8 46. Qd7
Rd8 47. Qxa4 Bh6 48. Rh3 Qe6 49. Rh5 Qg6 50. Rh3 Kh7 51. Qf4 Qe6 52. Qh4 Rd2 53.
b4 Re2 54. Kh2 Re4 55. Qh5 Qf6 56. Qf3 Qe5+ 57. Qg3 Qe6 58. Qc7+ Kg6 59. Qg3+
Rg4 60. Qd3+ Kg7 61. Qd1 Qe5+ 62. g3 Re4 63. Qd7+ Kg6 64. Qd3 Qf5 65. Kg2 Be3
66. Qc2 Bg5 67. Rh1 Re3 68. Qxf5+ Kxf5 69. Rh7 Rxc3 70. Rxb7 Rxa3 71. Kh3 Bf6
72. Rb8 Rb3 73. b5 Be5 74. Rf8+ Ke4 75. Rg8 Rxb5 76. Kh4 Kf5 77. g4+ Kf6 78.
Rf8+ Kg6 79. Rf5 Bf6+ 80. Kg3 Rb4 81. Kf3 Bg5 82. Kg3 Rb3+ 83. Rf3 Bh4+ 84. Kg2
Rb2+ 85. Kh3 Be7 86. Rd3 Kg5 87. Rd5+ Kf4 88. Rf5+ Ke4 89. Rf1 Rb3+ 90. Kg2 Bd6
91. Re1+ Kf4 92. Rf1+ Kxg4 93. Rf2 Bc5 94. Rf7 Rb2+ 95. Kf1 Be3 96. Ke1 Bf4 97.
Rd7 Kf3 98. Kd1 Rh2 99. Rd3+ Be3 100. Rd8 Rg2 101. Rd7 Ke4 102. Ke1 Bd4 103. Kf1
Rf2+ 104. Ke1 Ke3 105. Rd8 Rf3 106. Kd1 Kd3 107. Ke1 Rg3 108. Rf8 Rg1+ 109. Rf1
Rg2 110. Rf8 Rg7 111. Rf5 Ra7 112. Kf1 Rg7 113. Ke1 Ke3 114. Kd1 Rg2 115. Rf8
Kd3 116. Ke1 Rg1+ 117. Rf1 Rg8 118. Rf7 Be3 119. Rd7+ Ke4 120. Ke2 Rg2+ 121. Kd1
Ra2 122. Rd8 Bd4 123. Ke1 Ke3 124. Kf1 Rf2+ 125. Kg1 Rd2 126. Rf8 Be5 127. Re8
Kf4 128. Kf1 Ra2 129. Rf8+ Ke4 130. Rf2 Ra1+ 131. Kg2 Bd4 132. Re2+ Be3 133. Kg3
Ra8 134. Rg2 Rg8+ 135. Kh3 Bg5 136. Kg3 Bf4+ 137. Kh3 Ra8 138. Kg4 Rg8+ 139. Kh3
Rxg2 1/2-1/2

[Event "42nd Olympiad 2016"]
[Site "Baku AZE"]
[Date "2016.09.09"]
[Round "7.20"]
[Board "3"]
[White "Tin, Jingyao"]
[Black "Kazhgaleyev, Murtas"]
[Result "0-1"]
[WhiteTitle "IM"]
[BlackTitle "GM"]
[WhiteElo "2439"]
[BlackElo "2594"]
[WhiteTeam "Singapore"]
[BlackTeam "Kazakhstan"]
[WhiteFideId "5804418"]
[BlackFideId "13700316"]
[EventDate "2016.09.02"]

1. d4 d5 2. c4 c6 3. Nf3 Nf6 4. e3 Bf5 5. Nc3 a6 6. Qb3 b5 7. c5 a5 8. Ne5 a4 9.
Qd1 g6 10. g4 Be6 11. Bg2 Bg7 12. a3 h5 13. g5 Nfd7 14. Nd3 O-O 15. h4 Na6 16.
f4 Bf5 17. Ne2 Qb8 18. Ng3 Bxd3 19. Qxd3 e5 20. O-O exd4 21. exd4 b4 22. Rb1 Qb5
23. Qxb5 Bxd4+ 24. Kh1 cxb5 25. Bxd5 Rad8 26. Bc6 Ndxc5 27. f5 Be5 28. Bf4 Bxf4
29. Rxf4 Nd3 30. Rff1 Rd4 31. Bxb5 Nac5 32. fxg6 fxg6 33. Rxf8+ Kxf8 34. Kg2
Rxh4 35. Rf1+ Ke7 36. Rf6 Rg4 37. Bxd3 Nxd3 38. Kf3 Ne5+ 39. Kf2 h4 40. Nf1 h3
41. Ra6 Rg2+ 42. Ke3 h2 43. Nxh2 Rxh2 44. axb4 Rxb2 45. Kd4 Nf3+ 46. Kc3 Rb3+
47. Kc4 Nd2+ 48. Kc5 Ne4+ 49. Kc4 Nd6+ 50. Kc5 Rc3+ 51. Kd5 Rd3+ 52. Ke5 Nf7+
53. Ke4 Rd6 54. Rxa4 Nxg5+ 55. Kf4 Kf6 56. Ke3 Ne6 57. Ra1 Rb6 58. Rb1 Ke5 59.
Kd3 Kd5 60. Kc3 Rc6+ 61. Kd3 Ra6 62. b5 Rb6 63. Rb2 g5 64. Ke3 Ke5 65. Kf3 Kf5
66. Kg3 Nc5 67. Rf2+ Kg6 68. Rb2 Ne4+ 69. Kg4 Nd6 70. Re2 Nf7 71. Rb2 Ne5+ 72.
Kg3 Nc4 73. Rb1 Nd6 74. Re1 Nf5+ 75. Kg4 Nh6+ 0-1

[Event "42nd Olympiad 2016"]
[Site "Baku AZE"]
[Date "2016.09.09"]
[Round "7.20"]
[Board "4"]
[White "Kostenko, Petr"]
[Black "Foo, Zhi Rong Benjamin"]
[Result "0-1"]
[WhiteTitle "GM"]
[WhiteElo "2476"]
[BlackElo "2233"]
[WhiteTeam "Kazakhstan"]
[BlackTeam "Singapore"]
[WhiteFideId "13700669"]
[BlackFideId "5801664"]
[EventDate "2016.09.02"]

1. e4 e5 2. Nf3 Nc6 3. Bb5 f5 4. d3 fxe4 5. dxe4 Nf6 6. O-O d6 7. Qd3 Be7 8. Qc4
Qd7 9. Rd1 Kf8 10. Ng5 Qe8 11. f4 exf4 12. Bxf4 h6 13. Nf3 a6 14. Bxc6 Qxc6 15.
Qxc6 bxc6 16. Nc3 g5 17. Be3 Bg4 18. Rf1 Kg7 19. Nd4 Bd7 20. h3 Rhf8 21. Nf5+
Bxf5 22. exf5 Rab8 23. Rae1 Rf7 24. b3 Nd5 25. Nxd5 cxd5 26. Bd4+ Bf6 27. Bxf6+
Rxf6 28. c3 h5 29. Re7+ Rf7 30. Rfe1 Rxe7 31. Rxe7+ Kf6 32. Rxc7 Kxf5 33. Kf2
Ke4 34. Ke2 Kf4 35. Rg7 Re8+ 36. Kd2 Re5 37. Ra7 Kg3 38. Rxa6 Kxg2 39. Rxd6 Kxh3
40. b4 g4 41. b5 g3 42. Rg6 h4 43. a4 Kg2 44. a5 h3 45. a6 h2 46. Rh6 h1=Q 47.
Rxh1 Kxh1 48. a7 Re8 49. b6 g2 50. b7 g1=Q 51. b8=Q Qe1+ 52. Kc2 Re2+ 0-1

[Event "42nd Olympiad 2016"]
[Site "Baku AZE"]
[Date "2016.09.09"]
[Round "7.21"]
[Board "1"]
[White "Le, Quang Liem"]
[Black "Predojevic, Borki"]
[Result "1-0"]
[WhiteTitle "GM"]
[BlackTitle "GM"]
[WhiteElo "2723"]
[BlackElo "2642"]
[WhiteTeam "Vietnam"]
[BlackTeam "Bosnia & Herzegovina"]
[WhiteFideId "12401137"]
[BlackFideId "930849"]
[EventDate "2016.09.02"]

1. d4 e6 2. c4 Nf6 3. Nc3 Bb4 4. f3 c5 5. d5 O-O 6. e4 d6 7. Bd2 Re8 8. Nge2 a6
9. a4 exd5 10. cxd5 Nbd7 11. Ng3 Ne5 12. Be2 c4 13. Be3 Bd7 14. O-O Rc8 15. Kh1
Ba5 16. Bd4 h6 17. f4 Ng6 18. Qc2 Bb6 19. Bxb6 Qxb6 20. Nh5 Nxh5 21. Bxh5 Qd8
22. a5 Rc5 23. e5 dxe5 24. Bxg6 fxg6 25. Qxg6 exf4 26. Rxf4 Rf8 27. Rxf8+ Qxf8
28. Qb6 Kh7 29. Kg1 Qe7 30. Rf1 Qe3+ 31. Kh1 Bf5 32. h3 Bd3 33. Rf7 Qe1+ 34. Kh2
Qe5+ 35. g3 Rc8 36. Qxb7 Rb8 37. Rxg7+ Kh8 38. Re7 Rxb7 39. Rxe5 Kg7 40. Na4 Rb5
41. g4 Rxa5 42. Nc3 Kf7 43. Kg3 Rc5 44. Kf4 Rc7 45. Re6 Rb7 46. Rxa6 Rxb2 47.
Ke5 Rd2 48. Ra7+ Kg6 49. d6 Bf1 50. d7 Bg2 51. Ra6+ Kf7 52. Rd6 1-0

[Event "42nd Olympiad 2016"]
[Site "Baku AZE"]
[Date "2016.09.09"]
[Round "7.21"]
[Board "2"]
[White "Kadric, Denis"]
[Black "Nguyen, Ngoc Truong Son"]
[Result "1/2-1/2"]
[WhiteTitle "GM"]
[BlackTitle "GM"]
[WhiteElo "2583"]
[BlackElo "2633"]
[WhiteTeam "Bosnia & Herzegovina"]
[BlackTeam "Vietnam"]
[WhiteFideId "14403803"]
[BlackFideId "12401110"]
[EventDate "2016.09.02"]

1. e4 e5 2. Bc4 Nf6 3. d3 Nc6 4. Nf3 Bc5 5. O-O O-O 6. c3 d5 7. exd5 Nxd5 8. a4
a6 9. a5 Bg4 10. Nbd2 Nf6 11. Re1 Qd7 12. h3 Bh5 13. Qb3 Bd6 14. Ng5 Kh8 15. Nf1
h6 16. Ne4 Nh7 17. Ne3 Rab8 18. Nd5 f5 19. Nxd6 cxd6 20. f4 g5 21. fxe5 dxe5 22.
Qb6 f4 23. Qc7 Qxc7 24. Nxc7 Bf7 25. Ne6 Rfe8 26. Nc7 Rf8 27. Ne6 Rfe8 28. Nc7 1/2-1/2

[Event "42nd Olympiad 2016"]
[Site "Baku AZE"]
[Date "2016.09.09"]
[Round "7.21"]
[Board "3"]
[White "Nguyen, Anh Khoi"]
[Black "Stojanovic, Dalibor"]
[Result "1-0"]
[WhiteTitle "FM"]
[BlackTitle "GM"]
[WhiteElo "2448"]
[BlackElo "2505"]
[WhiteTeam "Vietnam"]
[BlackTeam "Bosnia & Herzegovina"]
[WhiteFideId "12404675"]
[BlackFideId "922692"]
[EventDate "2016.09.02"]

1. d4 Nf6 2. c4 g6 3. Nc3 Bg7 4. e4 d6 5. h3 O-O 6. Nf3 c6 7. Be3 a6 8. c5 b6 9.
cxb6 Nbd7 10. Bd3 Nxb6 11. O-O a5 12. Qe2 Nfd7 13. Rac1 Nb8 14. e5 Na6 15. a3
Bb7 16. Ng5 Nc7 17. f4 Ba6 18. Bxa6 Nxa6 19. f5 dxe5 20. fxg6 fxg6 21. Rxf8+
Qxf8 22. dxe5 Qf5 23. Nf3 c5 24. Qb5 Qe6 25. Ng5 Qxe5 26. Re1 h6 27. Qxb6 hxg5
28. Qxg6 Nc7 29. Qxg5 Qxg5 30. Bxg5 e6 31. Bf4 Nd5 32. Be5 Bh6 33. Rd1 Ne3 34.
Rd6 Kf7 35. Ne4 Nc4 36. Rd7+ Kg6 37. Bc3 Rf8 38. Re7 Be3+ 39. Kh2 e5 40. b3 Nxa3
41. Re6+ Kf5 42. Rxe5+ Kg6 43. Re6+ Kf5 44. Nxc5 Bf4+ 45. Kh1 Nb5 46. g4+ Kg5
47. Bf6+ Kg6 48. Be7+ 1-0

[Event "42nd Olympiad 2016"]
[Site "Baku AZE"]
[Date "2016.09.09"]
[Round "7.21"]
[Board "4"]
[White "Marjanovic, Dejan"]
[Black "Dao, Thien Hai"]
[Result "1/2-1/2"]
[WhiteTitle "FM"]
[BlackTitle "GM"]
[WhiteElo "2432"]
[BlackElo "2486"]
[WhiteTeam "Bosnia & Herzegovina"]
[BlackTeam "Vietnam"]
[WhiteFideId "14402661"]
[BlackFideId "12400084"]
[EventDate "2016.09.02"]

1. d4 d5 2. Bf4 Nf6 3. e3 c6 4. Nf3 Bg4 5. Be2 Nbd7 6. Nbd2 e6 7. h3 Bh5 8. O-O
Be7 9. c4 O-O 10. Ne5 Bxe2 11. Qxe2 a5 12. Nxd7 Qxd7 13. c5 Qd8 14. Rfc1 Re8 15.
Qd3 Nd7 16. a3 b5 17. a4 b4 18. e4 e5 19. Bxe5 Nxe5 20. dxe5 Bg5 21. Re1 Rxe5
22. Nf3 Rxe4 23. Rxe4 dxe4 24. Qxe4 Bf6 25. Qc2 Ra7 26. Rd1 Rd7 27. Rxd7 Qxd7
28. Kf1 Qd5 29. Nd2 Qa2 30. Ke2 Qe6+ 31. Qe4 Qxe4+ 32. Nxe4 Bxb2 33. Nd2 Bf6 34.
Nb3 Bd8 35. Nd4 Be7 36. Nxc6 Bxc5 37. Nxa5 f5 38. Nb3 Ba7 39. Nc1 Kf7 40. Nd3 b3
41. Kd2 Bd4 42. a5 1/2-1/2

[Event "42nd Olympiad 2016"]
[Site "Baku AZE"]
[Date "2016.09.09"]
[Round "7.22"]
[Board "1"]
[White "Peralta, Fernando"]
[Black "Rodshtein, Maxim"]
[Result "1/2-1/2"]
[WhiteTitle "GM"]
[BlackTitle "GM"]
[WhiteElo "2590"]
[BlackElo "2687"]
[WhiteTeam "Argentina"]
[BlackTeam "Israel"]
[WhiteFideId "105309"]
[BlackFideId "2806851"]
[EventDate "2016.09.02"]

1. d4 Nf6 2. c4 e6 3. Nc3 Bb4 4. e3 O-O 5. Bd3 d5 6. Nf3 b6 7. O-O Ba6 8. cxd5
exd5 9. Bxa6 Nxa6 10. Bd2 Qc8 11. Rc1 Qb7 12. Qc2 c5 13. dxc5 bxc5 14. Rfd1 Rfe8
15. a3 Bxc3 16. Bxc3 Ne4 17. b3 Nc7 18. Ba1 Ne6 19. Nd2 Nxd2 20. Rxd2 d4 21. Qd1
dxe3 22. fxe3 Rad8 23. Rxd8 Rxd8 24. Qc2 Qd5 25. Bc3 h6 26. h3 Ng5 27. Ba5 Re8
28. Qxc5 Qxb3 29. Bc3 Qb8 30. Be1 Qb2 31. Qc3 Qe2 32. Bf2 Rd8 33. Qe1 Qb2 34.
Rd1 Rxd1 35. Qxd1 Qxa3 36. Qd8+ Kh7 37. Qd5 Qc1+ 38. Kh2 Qc2 39. Bg3 Qe4 40. Qa2
Qxe3 41. Bb8 f5 42. Qxa7 Qe4 43. Qc7 Ne6 44. Qe5 Kg6 45. Qxe4 fxe4 46. Kg3 Kf5
47. Kf2 h5 48. Ke3 h4 49. g4+ hxg3 50. Bxg3 Ng5 51. h4 Nh7 52. Bc7 Nf6 53. Bd8
Ng4+ 54. Ke2 g6 55. Bg5 Ke5 56. Bc1 Nh2 57. Kf2 Nf3 58. Kg3 Kf5 59. Be3 Ne5 60.
Bb6 Nc4 61. Ba7 Nd6 62. Bc5 Nb5 63. Bb6 Nc3 64. Be3 Ne2+ 65. Kf2 Nf4 66. Kg3
Nh5+ 67. Kh3 Ng7 68. Kg3 Ne8 69. Bb6 Nf6 70. Be3 Nd5 71. Bc5 Nc3 72. Be3 Nb5 73.
Bb6 Nd6 74. Bc5 Ke5 75. Kg4 Nf7 76. Ba7 1/2-1/2

[Event "42nd Olympiad 2016"]
[Site "Baku AZE"]
[Date "2016.09.09"]
[Round "7.22"]
[Board "2"]
[White "Postny, Evgeny"]
[Black "Mareco, Sandro"]
[Result "1/2-1/2"]
[WhiteTitle "GM"]
[BlackTitle "GM"]
[WhiteElo "2619"]
[BlackElo "2606"]
[WhiteTeam "Israel"]
[BlackTeam "Argentina"]
[WhiteFideId "2804344"]
[BlackFideId "112275"]
[EventDate "2016.09.02"]

1. Nf3 Nf6 2. c4 e6 3. g3 d5 4. d4 Bb4+ 5. Bd2 Be7 6. Bg2 O-O 7. O-O Nbd7 8. Qc2
c6 9. Bf4 a5 10. Rd1 a4 11. Nc3 Qa5 12. Ne5 Nxe5 13. dxe5 Nd7 14. cxd5 exd5 15.
e4 dxe4 16. Bxe4 h6 17. Bd2 Qa6 18. Bd3 b5 19. e6 fxe6 20. Bxh6 gxh6 21. Bxb5
cxb5 22. Qg6+ Kh8 23. Qxh6+ Kg8 24. Qg6+ Kh8 25. Qh6+ Kg8 26. Qg6+ Kh8 27. Qh6+
Kg8 1/2-1/2

[Event "42nd Olympiad 2016"]
[Site "Baku AZE"]
[Date "2016.09.09"]
[Round "7.22"]
[Board "3"]
[White "Perez Ponsa, Federico"]
[Black "Nabaty, Tamir"]
[Result "1/2-1/2"]
[WhiteTitle "GM"]
[BlackTitle "GM"]
[WhiteElo "2585"]
[BlackElo "2630"]
[WhiteTeam "Argentina"]
[BlackTeam "Israel"]
[WhiteFideId "117927"]
[BlackFideId "2809052"]
[EventDate "2016.09.02"]

1. e4 e5 2. Nf3 Nc6 3. Bb5 Nf6 4. d3 Bc5 5. Bxc6 dxc6 6. Qe2 Bg4 7. h3 Bxf3 8.
Qxf3 O-O 9. Nd2 Nd7 10. Nc4 Bb4+ 11. c3 Be7 12. O-O Bg5 13. Na5 Rb8 14. d4 exd4
15. cxd4 c5 16. d5 Re8 17. Re1 Ne5 18. Qe2 Bxc1 19. Raxc1 c6 20. Nc4 cxd5 21.
Nxe5 Rxe5 22. Rxc5 Rxe4 23. Rxd5 Rxe2 24. Rxd8+ Rxd8 25. Rxe2 Rd1+ 26. Kh2 Kf8
27. Rc2 Ke7 28. Rc7+ Rd7 29. Rc2 Rd3 30. Rc7+ Rd7 1/2-1/2

[Event "42nd Olympiad 2016"]
[Site "Baku AZE"]
[Date "2016.09.09"]
[Round "7.22"]
[Board "4"]
[White "Roiz, Michael"]
[Black "Flores, Diego"]
[Result "1/2-1/2"]
[WhiteTitle "GM"]
[BlackTitle "GM"]
[WhiteElo "2605"]
[BlackElo "2595"]
[WhiteTeam "Israel"]
[BlackTeam "Argentina"]
[WhiteFideId "2804158"]
[BlackFideId "108049"]
[EventDate "2016.09.02"]

1. Nf3 Nf6 2. c4 c5 3. Nc3 b6 4. e3 g6 5. d4 Bg7 6. d5 O-O 7. Bd3 e6 8. O-O exd5
9. cxd5 d6 10. h3 Ba6 11. e4 Re8 12. Re1 Bxd3 13. Qxd3 a6 14. a4 Nbd7 15. Bf4
Qc7 16. Nd2 Nh5 17. Bh2 Be5 18. Qf1 Bxh2+ 19. Kxh2 Qd8 20. g3 Ng7 21. f4 Qc7 22.
Qd3 f6 23. b3 Re7 24. Re2 Qb7 25. Rae1 Rae8 26. Nf3 Qc8 27. Kg2 Qb7 28. Kh2 Rb8
29. e5 fxe5 30. fxe5 dxe5 31. Nxe5 Nxe5 32. Rxe5 Rf7 33. Ne4 Rbf8 34. d6 Nf5 35.
Qd5 Nd4 36. Nf6+ 1/2-1/2

[Event "42nd Olympiad 2016"]
[Site "Baku AZE"]
[Date "2016.09.09"]
[Round "7.23"]
[Board "1"]
[White "Arab, Adlane"]
[Black "Morovic Fernandez, Ivan"]
[Result "1/2-1/2"]
[WhiteTitle "IM"]
[BlackTitle "GM"]
[WhiteElo "2493"]
[BlackElo "2554"]
[WhiteTeam "Algeria"]
[BlackTeam "Chile"]
[WhiteFideId "7900872"]
[BlackFideId "3405400"]
[EventDate "2016.09.02"]

1. d4 Nf6 2. c4 e6 3. Nf3 Bb4+ 4. Bd2 a5 5. g3 d6 6. Bg2 Nbd7 7. O-O e5 8. Bg5
exd4 9. Nxd4 O-O 10. Qc2 h6 11. Bf4 Re8 12. Nc3 Bxc3 13. Qxc3 Nc5 14. Qc2 Bd7
15. Rfe1 Qc8 16. e4 Bh3 17. Bh1 Ng4 18. Rad1 Ne5 19. f3 Bd7 20. Be3 b6 21. b3
Nc6 22. Nxc6 Bxc6 23. Bd4 Qb7 24. Bg2 Re7 25. Qc3 Ne6 26. Bf2 Rae8 27. a3 f6 28.
b4 axb4 29. axb4 Ng5 30. Ra1 Qc8 31. Be3 Nf7 32. Bd4 Ne5 33. g4 Qe6 34. Rec1 Ng6
35. Qd2 Ne5 36. Qc3 Kh8 37. Bf2 Rd8 38. Ra7 Be8 39. h3 c5 40. Rxe7 Qxe7 41. b5
Bf7 42. Bf1 Ra8 43. f4 Ng6 44. Bg3 Ra2 45. Qe3 Qa7 46. Rd1 Qa4 47. Rc1 Rc2 48.
Rxc2 Qxc2 49. f5 Ne5 50. Bxe5 dxe5 51. Qd3 Qc1 52. Kf2 h5 53. Qe3 Qxe3+ 54. Kxe3
Kh7 55. Kf3 Kh6 56. Kg3 Kg5 57. Be2 g6 58. fxg6 Bxg6 59. Bd3 Bf7 60. Bf1 hxg4
61. hxg4 Bg8 62. Bd3 Bh7 63. Bc2 Bg6 64. Bd3 Be8 65. Be2 Bd7 66. Bd1 Bc8 67. Bf3
Bd7 68. Bd1 Kh6 69. Kh4 Kg6 70. Be2 Be6 71. Bd3 Kh6 72. Be2 Bf7 73. Bd3 Be6 1/2-1/2

[Event "42nd Olympiad 2016"]
[Site "Baku AZE"]
[Date "2016.09.09"]
[Round "7.23"]
[Board "2"]
[White "Vasquez Schroeder, Rodrigo"]
[Black "Oussedik, Mahfoud"]
[Result "1-0"]
[WhiteTitle "GM"]
[BlackTitle "FM"]
[WhiteElo "2546"]
[BlackElo "2280"]
[WhiteTeam "Chile"]
[BlackTeam "Algeria"]
[WhiteFideId "3400042"]
[BlackFideId "7901810"]
[EventDate "2016.09.02"]

1. e4 c5 2. Nf3 e6 3. d4 cxd4 4. Nxd4 a6 5. Bd3 Qc7 6. O-O Nf6 7. Qe2 Nc6 8.
Nxc6 bxc6 9. e5 Nd5 10. c4 Ne7 11. Bf4 Ng6 12. Bg3 Bb7 13. Nc3 Be7 14. Rad1 c5
15. Be4 O-O 16. Rd3 Rab8 17. b3 Bxe4 18. Qxe4 Rfd8 19. Rfd1 Rb6 20. h4 Qb7 21.
h5 Qxe4 22. Nxe4 Nf8 23. Bf4 h6 24. g4 Rb7 25. g5 hxg5 26. Bxg5 Bxg5 27. Nxg5 a5
28. Kh2 a4 29. Ne4 axb3 30. axb3 Rc7 31. Rg1 g6 32. Nd6 Rc6 33. Rf3 f5 34. hxg6
Kg7 35. Rfg3 Ra6 36. Nf7 Rb8 37. Ng5 Ra3 38. Nh3 Rbxb3 39. Rxb3 Rxb3 40. Nf4 Rb2
41. Nh5+ Kg8 42. g7 Nh7 43. Nf6+ Nxf6 44. exf6 Rb8 45. Kh3 d5 46. cxd5 exd5 47.
Kh4 Kf7 48. Kg5 Rb2 49. Re1 1-0

[Event "42nd Olympiad 2016"]
[Site "Baku AZE"]
[Date "2016.09.09"]
[Round "7.23"]
[Board "3"]
[White "Belouadah, Saad"]
[Black "Henriquez Villagra, Cristobal"]
[Result "0-1"]
[WhiteTitle "IM"]
[BlackTitle "IM"]
[WhiteElo "2340"]
[BlackElo "2508"]
[WhiteTeam "Algeria"]
[BlackTeam "Chile"]
[WhiteFideId "7900856"]
[BlackFideId "3409350"]
[EventDate "2016.09.02"]

1. d4 Nf6 2. Bg5 d5 3. Nc3 c6 4. f3 Qb6 5. Rb1 Nbd7 6. e4 dxe4 7. fxe4 e5 8. Nf3
exd4 9. Qxd4 Bb4 10. Bd3 O-O 11. Qxb6 axb6 12. O-O Ng4 13. h3 Nge5 14. Be3 b5
15. Ra1 Nxf3+ 16. gxf3 Ne5 17. Kg2 Rd8 18. Rfd1 Be6 19. Bb6 Nxd3 20. cxd3 Re8
21. a3 Bd6 22. d4 Bb3 23. Rd3 Bc4 24. Rdd1 Bf4 25. Kf2 f5 26. e5 Bg5 27. Rg1 Bd8
28. Bxd8 Raxd8 29. Rad1 Bb3 30. Rd3 Rxe5 31. Rd2 Re7 32. h4 Kf7 33. Ne2 Bc4 34.
Nf4 Red7 35. Ke3 g6 36. h5 Re7+ 37. Kf2 Rg8 38. hxg6+ hxg6 39. Rh1 g5 40. Nd3
Bxd3 41. Rxd3 Kg6 42. Re3 Rxe3 43. Kxe3 Re8+ 44. Kf2 f4 45. d5 cxd5 46. Rc1 d4
47. Rc5 d3 48. Rxb5 Re2+ 49. Kf1 g4 50. Rd5 g3 51. Rxd3 Rxb2 52. Kg1 Kg5 53.
Rd5+ Kh4 54. Rf5 Ra2 55. Rf7 Rxa3 56. Rh7+ Kg5 57. Rg7+ Kf6 58. Rxb7 Rxf3 59.
Rb5 Rf2 60. Ra5 Rb2 61. Kf1 f3 0-1

[Event "42nd Olympiad 2016"]
[Site "Baku AZE"]
[Date "2016.09.09"]
[Round "7.23"]
[Board "4"]
[White "Valenzuela Fuentealba, Luis"]
[Black "Talbi, Chafik"]
[Result "1-0"]
[WhiteTitle "IM"]
[WhiteElo "2439"]
[BlackElo "2184"]
[WhiteTeam "Chile"]
[BlackTeam "Algeria"]
[WhiteFideId "3401294"]
[BlackFideId "7903715"]
[EventDate "2016.09.02"]

1. d4 Nf6 2. Nf3 e6 3. c4 d5 4. Nc3 dxc4 5. e3 a6 6. Bxc4 b5 7. Bb3 Bb7 8. O-O
Nbd7 9. Qe2 c5 10. Rd1 Bd6 11. dxc5 Bxc5 12. Bd2 O-O 13. Rac1 Qb8 14. Be1 Rc8
15. Nb1 Ne5 16. Nbd2 Nxf3+ 17. Nxf3 Ng4 18. h3 Ne5 19. Nd4 Bf8 20. f3 Qa7 21. a3
Qb6 22. Bf2 Rxc1 23. Rxc1 Rc8 24. Rd1 Bc5 25. Ba2 b4 26. a4 Rd8 27. Rc1 Ng6 28.
Nb3 Bf8 29. e4 Qd6 30. Nc5 Qf4 31. Rd1 Rxd1+ 32. Qxd1 Bxc5 33. Bxc5 Qg5 34. Bd6
h6 35. Kh2 e5 36. Bxb4 Qf4+ 37. Kh1 Nh4 38. Bd2 Qg3 39. Qe2 Ng6 40. Qe1 Qxe1+
41. Bxe1 Kf8 42. Kg1 Nf4 43. Bc4 Ke8 44. h4 f6 45. g3 Ng6 46. Kf2 Nf8 47. Ke2
Kd7 48. h5 Ne6 49. Bf2 Bc8 50. b4 Bb7 51. Be3 Ng5 52. b5 axb5 53. Bxb5+ Kd6 54.
a5 Ba8 55. a6 Ne6 56. Bc4 Bc6 57. Kd2 Nc7 58. Bb6 Na8 59. Ba5 Kc5 60. Kc3 f5 61.
Bb4+ Kb6 62. Kd3 fxe4+ 63. fxe4 Nc7 64. Bf8 Nxa6 65. Bxa6 Kxa6 66. Bxg7 Be8 67.
g4 Kb5 68. Bxe5 Kc6 69. Ke3 Kd7 70. Kf4 Ke6 71. Bg7 Ba4 72. Bxh6 Bc2 73. Bg7 Bd3
74. Bc3 Kf7 75. g5 Be2 76. g6+ 1-0